000 00675nam a2200289Ia 4500
005 20260324135202.0
008 008 260324s9999 xx 000 0 eng d
020 _a9780203716403
037 _aEBOOK
040 _aCRL
040 _beng
040 _cCRL
041 _2eng
041 _aeng
084 _qCRL
100 _aPhilip O. Hwang
_91199653
245 0 _aOther Esteem
245 0 _bMeaningful Life in a Multicultural Society
260 _bTaylor and Francis
260 _c2000
365 _a
365 _b195
856 _uhttp://www.taylorfrancis.com/books/9780203716403
942 _cEBOOK
999 _c1800474
_d1800474